Franc/Franken als Währung - Statistiken

Allgemein
  • Dieses Quiz wurde 18 mal gespielt
  • Das Durchschnittsergebnis liegt bei 11 aus 22
Antwortstatistiken
Franken % Korrekt
Schweiz
100%
Liechtenstein
82%
Tschad
59%
Burkina Faso
53%
Demokratische Republik Kongo
53%
Elfenbeinküste
53%
Kamerun
53%
Mali
53%
Niger
53%
Republik Kongo
53%
Senegal
53%
Äquatorialguinea
47%
Guinea
47%
Guinea-Bissau
47%
Benin
41%
Gabun
41%
Togo
41%
Zentralafrikanische Republik
41%
Burundi
29%
Ruanda
29%
Dschibuti
24%
Komoren
18%
Keine übereinstimmenden Quizze gefunden
Verteilung der Resultate
Anzahl Personen mit jedem Resultat
Perzentil nach korrekt beantworteten Fragen
Ihre Resultats-Entwicklung
Sie haben dieses Quiz noch nicht gespielt